[Event "Nova Gorica op 29th"]
[Site "Nova Gorica"]
[Date "2025.01.30"]
[Round "8"]
[White "Zlatanovic, Marcus"]
[Black "Petrovcic, Cvetko"]
[Result "0-1"]
[WhiteElo "1827"]
[BlackElo "1770"]
[PlyCount "74"]
[EventDate "2025.01.24"]
[EventType "swiss"]
[EventRounds "9"]
[EventCountry "SLO"]
[SourceTitle "CB06_2025"]
[SourceDate "2025.02.05"]
[SourceVersion "1"]
[SourceVersionDate "2025.02.05"]
[SourceQuality "1"]

1. e4 e5 2. Nf3 Nc6 3. Bb5 d6 4. d4 exd4 5. Nxd4 Bd7 6. Bxc6 bxc6 7. c4 Nf6 8. Nc3 Be7 9. 0-0 0-0 10. b3 h6 11. Bb2 Nh7 12. Qc2 Bf6 13. Rad1 Qc8 14. Rfe1 Re8 15. h3 a5 16. Nf3 Be5 17. Nxe5 Rxe5 18. f4 Re7 19. Na4 c5 20. Nc3 f6 21. Nd5 Rf7 22. e5 fxe5 23. fxe5 dxe5 24. Rxe5 Qd8 25. Qe2 Ra6 26. Re7 Rd6 27. Qe5 Qf8 28. Rxf7 Qxf7 29. Rf1 Nf6 30. Nxc7 Rd2 31. Nd5 Bxh3 32. Nxf6+ gxf6 33. Qg3+ Kh7 34. Rxf6 Qe8 35. Qxh3 Rd1+ 36. Kh2 Qb8+ 37. Qg3 Rh1+ 0-1

[Event "Nova Gorica op 29th"]
[Site "Nova Gorica"]
[Date "2025.01.29"]
[Round "7"]
[White "Jaksa, Ema"]
[Black "Zlatanovic, Marcus"]
[Result "1-0"]
[WhiteElo "1727"]
[BlackElo "1827"]
[PlyCount "51"]
[EventDate "2025.01.24"]
[EventType "swiss"]
[EventRounds "9"]
[EventCountry "SLO"]
[SourceTitle "CB06_2025"]
[SourceDate "2025.02.05"]
[SourceVersion "1"]
[SourceVersionDate "2025.02.05"]
[SourceQuality "1"]

1. e4 c5 2. Nc3 Nc6 3. g3 g6 4. Bg2 Bg7 5. d3 d6 6. f4 e6 7. Nf3 Nge7 8. 0-0 0-0 9. Be3 Nd4 10. e5 Nec6 11. exd6 Qxd6 12. Ne4 Qe7 13. c3 Nxf3+ 14. Qxf3 Rd8 15. Bxc5 Qc7 16. d4 Bd7 17. Bd6 Qb6 18. Be5 Be8 19. Nf6+ Kh8 20. Qg4 Ne7 21. Qh4 h5 22. g4 Ng8 23. gxh5 Nxf6 24. Bxf6 Bxf6 25. Qxf6+ Kg8 26. h6 1-0

[Event "Nova Gorica op 29th"]
[Site "Nova Gorica"]
[Date "2025.01.26"]
[Round "4"]
[White "Mulec, Dejan"]
[Black "Zlatanovic, Marcus"]
[Result "0-1"]
[WhiteElo "1705"]
[BlackElo "1827"]
[PlyCount "80"]
[EventDate "2025.01.24"]
[EventType "swiss"]
[EventRounds "9"]
[EventCountry "SLO"]
[SourceTitle "CB06_2025"]
[SourceDate "2025.02.05"]
[SourceVersion "1"]
[SourceVersionDate "2025.02.05"]
[SourceQuality "1"]

1. d4 Nf6 2. Bf4 g6 3. Nc3 d5 4. e3 Bg7 5. Nf3 0-0 6. Be2 c5 7. Ne5 cxd4 8. exd4 Nc6 9. 0-0 Qb6 10. Nxc6 bxc6 11. Na4 Qa5 12. c3 Ba6 13. Nc5 Bxe2 14. Qxe2 e6 15. Be5 Qd8 16. Qd3 Nd7 17. Nxd7 Qxd7 18. Bxg7 Kxg7 19. f4 h5 20. Rae1 Qd6 21. Qg3 Kh7 22. Re2 c5 23. Rfe1 cxd4 24. cxd4 Rac8 25. Re5 Qb4 26. Qd3 Rc4 27. Rxh5+ Kg7 28. Qg3 Rfc8 29. Rhe5 Qxb2 30. h4 Qxd4+ 31. Kh2 Qxf4 32. h5 Qh4+ 33. Qh3 Qxh3+ 34. Kxh3 gxh5 35. Rxh5 Rh8 36. Rxh8 Kxh8 37. g4 Rc2 38. g5 Rxa2 39. g6 Kg7 40. gxf7 Kxf7 0-1

[Event "Nova Gorica op 29th"]
[Site "Nova Gorica"]
[Date "2025.01.25"]
[Round "2"]
[White "Zlatanovic, Marcus"]
[Black "Krstic, David"]
[Result "0-1"]
[WhiteElo "1827"]
[BlackElo "1768"]
[PlyCount "58"]
[EventDate "2025.01.24"]
[EventType "swiss"]
[EventRounds "9"]
[EventCountry "SLO"]
[SourceTitle "CB06_2025"]
[SourceDate "2025.02.05"]
[SourceVersion "1"]
[SourceVersionDate "2025.02.05"]
[SourceQuality "1"]

1. e4 c5 2. Nf3 d6 3. d4 cxd4 4. Qxd4 Nc6 5. Bb5 Bd7 6. Bxc6 Bxc6 7. Nc3 Nf6 8. Bg5 e6 9. 0-0-0 Be7 10. Rhe1 0-0 11. Kb1 Qa5 12. Qd2 Rac8 13. Nd4 Kh8 14. f3 b5 15. Ncxb5 Qb6 16. Nxc6 Rxc6 17. Nd4 Rc7 18. Be3 Qb7 19. Nb3 d5 20. exd5 Nxd5 21. Qf2 Rfc8 22. c3 a5 23. Rxd5 Qxd5 24. Bb6 Rd7 25. Bxa5 Rb8 26. Bb6 Qd3+ 27. Kc1 Rxb6 28. Qxb6 Bg5+ 29. f4 Bxf4+ 0-1

[Event "Nova Gorica op 27th"]
[Site "Nova Gorica"]
[Date "2023.03.21"]
[Round "7"]
[White "Zlatanovic, Marcus"]
[Black "Vah, Denis"]
[Result "1-0"]
[WhiteElo "1652"]
[BlackElo "1968"]
[PlyCount "51"]
[EventDate "2023.03.16"]
[EventType "swiss"]
[EventRounds "9"]
[EventCountry "SLO"]
[SourceTitle "CBM 213 Extra"]
[Source "ChessBase"]
[SourceDate "2023.05.31"]
[SourceVersion "1"]
[SourceVersionDate "2023.05.31"]
[SourceQuality "1"]

1. e4 e6 2. d4 d5 3. e5 c5 4. c3 Qb6 5. Nf3 Bd7 6. Bd3 cxd4 7. cxd4 Bb5 8. Nc3 Bxd3 9. Qxd3 a6 10. 0-0 Nc6 11. Be3 Rc8 12. Rfc1 Nge7 13. Qd2 h5 14. Nh4 Qa7 15. Na4 g6 16. a3 Bg7 17. Rc2 0-0 18. Rac1 b6 19. b4 Qb7 20. Bg5 f6 21. exf6 Bxf6 22. Bxf6 Rxf6 23. Nf3 Rxf3 24. gxf3 Nf5 25. Qf4 Nfxd4 26. Qxd4 1-0

[Event "Nova Gorica op 27th"]
[Site "Nova Gorica"]
[Date "2023.03.17"]
[Round "2"]
[White "Zlatanovic, Marcus"]
[Black "Cirkvencic, Franci"]
[Result "1/2-1/2"]
[WhiteElo "1652"]
[BlackElo "1962"]
[PlyCount "140"]
[EventDate "2023.03.16"]
[EventType "swiss"]
[EventRounds "9"]
[EventCountry "SLO"]
[SourceTitle "CBM 213 Extra"]
[Source "ChessBase"]
[SourceDate "2023.05.31"]
[SourceVersion "1"]
[SourceVersionDate "2023.05.31"]
[SourceQuality "1"]

1. e4 c5 2. Nf3 Nc6 3. d4 cxd4 4. Nxd4 Qb6 5. Nb3 e6 6. Be3 Qc7 7. c4 Nf6 8. Nc3 Bb4 9. Qc2 0-0 10. Be2 d5 11. exd5 exd5 12. 0-0 Bxc3 13. Qxc3 dxc4 14. Qxc4 Be6 15. Qc2 Nd5 16. Bd2 Rac8 17. Rac1 Qe5 18. Bd3 Nd4 19. Qb1 Rxc1 20. Rxc1 Ne2+ 21. Bxe2 Qxe2 22. Qc2 Qg4 23. h3 Qh4 24. Qd3 Nf4 25. Qf3 Nd5 26. Nc5 Rc8 27. Nxe6 Rxc1+ 28. Bxc1 fxe6 29. Qe2 Qe7 30. Qc4 Qc7 31. Qxc7 Nxc7 32. Be3 a6 33. Kf1 Kf7 34. Ke2 Nd5 35. a3 e5 36. Kd3 b5 37. Ke4 Ke6 38. Bd2 Nf6+ 39. Kd3 Kd5 40. Bb4 Nh5 41. g3 Nf6 42. Bf8 g6 43. Be7 Nd7 44. Bb4 Nf6 45. Be7 Nd7 46. Bb4 h5 47. Be7 a5 48. Bd8 Nc5+ 49. Ke3 a4 50. Be7 Ne6 51. Kd3 Nd4 52. Bf6 Nc6 53. Bg5 Na5 54. Bd2 Nc4 55. Bc3 g5 56. f3 Nd6 57. Bd2 e4+ 58. fxe4+ Nxe4 59. Be3 Nxg3 60. Bxg5 Ne4 61. Be3 Nd6 62. Bg5 Ne4 63. Be3 Ke5 64. h4 Kd5 65. Bb6 Nd6 66. Bd8 Ne4 67. Be7 Ng3 68. Kc3 Nf5 69. Bf6 Kc5 70. Bg5 Kc6 1/2-1/2

[Event "Nova Gorica op-A 26th"]
[Site "Nova Gorica"]
[Date "2022.09.22"]
[Round "9"]
[White "Zlatanovic, Marcus"]
[Black "Acimovic, Sergej"]
[Result "0-1"]
[WhiteElo "1636"]
[BlackElo "2114"]
[PlyCount "96"]
[EventDate "2022.09.16"]
[EventType "swiss"]
[EventRounds "9"]
[EventCountry "SLO"]
[SourceTitle "CBM 210 Extra"]
[Source "ChessBase"]
[SourceDate "2022.11.30"]
[SourceVersion "1"]
[SourceVersionDate "2022.11.30"]
[SourceQuality "1"]

1. e4 e5 2. Nf3 Nc6 3. Bb5 a6 4. Ba4 Nf6 5. 0-0 b5 6. Bb3 Be7 7. d3 0-0 8. Nc3 d6 9. h3 Na5 10. Re1 Bb7 11. Ne2 c5 12. a3 Nxb3 13. cxb3 Re8 14. Ng3 g6 15. Bg5 Nd5 16. Bxe7 Nxe7 17. Qd2 Nc6 18. Rac1 Qe7 19. Nf1 Qe6 20. Ne3 Nd4 21. Nxd4 exd4 22. Ng4 h5 23. Nh6+ Kh7 24. g4 Rh8 25. Kg2 Kg7 26. g5 Qxb3 27. f4 Qe6 28. Rf1 f5 29. Rce1 fxe4 30. dxe4 Bxe4+ 31. Kh2 d5 32. f5 Qe5+ 33. Rf4 Rhf8 34. f6+ Kh7 35. h4 c4 36. Kg1 Rac8 37. Qf2 c3 38. bxc3 dxc3 39. Rexe4 dxe4 40. Rxe4 Qc5 41. Qxc5 Rxc5 42. Re7+ Kh8 43. Nf7+ Rxf7 44. Rxf7 c2 45. Rf8+ Kh7 46. Rf7+ Kg8 47. Rg7+ Kf8 48. Rxg6 c1Q+ 0-1

[Event "Nova Gorica op-A 26th"]
[Site "Nova Gorica"]
[Date "2022.09.18"]
[Round "4"]
[White "Hellsten, Uffe"]
[Black "Zlatanovic, Marcus"]
[Result "0-1"]
[WhiteElo "1732"]
[BlackElo "1636"]
[PlyCount "108"]
[EventDate "2022.09.16"]
[EventType "swiss"]
[EventRounds "9"]
[EventCountry "SLO"]
[SourceTitle "CBM 210 Extra"]
[Source "ChessBase"]
[SourceDate "2022.11.30"]
[SourceVersion "1"]
[SourceVersionDate "2022.11.30"]
[SourceQuality "1"]

1. e4 c5 2. c3 d5 3. exd5 Qxd5 4. d4 Nc6 5. Nf3 Bf5 6. Bd3 Bxd3 7. Qxd3 cxd4 8. cxd4 Nb4 9. Qe2 Rc8 10. Nc3 Qd7 11. 0-0 e6 12. Bf4 Nf6 13. Rfd1 Nbd5 14. Nxd5 Nxd5 15. Bg3 Bd6 16. Ne5 Bxe5 17. Bxe5 0-0 18. Qg4 f6 19. Bg3 Rc2 20. Re1 Rfc8 21. h4 R8c6 22. Re2 Ne7 23. Rae1 Rxe2 24. Rxe2 Nf5 25. Rd2 Rc4 26. Bb8 b6 27. Qe4 Rxd4 28. Rxd4 Nxd4 29. Qa8 Qc8 30. Qe4 Nc6 31. Bf4 Qd7 32. Be3 Qd5 33. Qa4 h6 34. h5 Qd7 35. Qg4 Ne5 36. Qg3 Qd1+ 37. Kh2 Qxh5+ 38. Kg1 Qd1+ 39. Kh2 Ng4+ 40. Kh3 Nxe3 41. Qxe3 Qh5+ 42. Kg3 Qg5+ 43. Qxg5 hxg5 44. Kg4 Kf7 45. g3 Kg6 46. b4 f5+ 47. Kf3 Kf6 48. a4 Ke5 49. a5 bxa5 50. bxa5 Kd4 51. a6 e5 52. g4 g6 53. Kg3 f4+ 54. Kg2 Ke4 0-1

[Event "Nova Gorica op-A 26th"]
[Site "Nova Gorica"]
[Date "2022.09.17"]
[Round "3"]
[White "Zlatanovic, Marcus"]
[Black "Bajec, Borut"]
[Result "0-1"]
[WhiteElo "1636"]
[BlackElo "1732"]
[PlyCount "76"]
[EventDate "2022.09.16"]
[EventType "swiss"]
[EventRounds "9"]
[EventCountry "SLO"]
[SourceTitle "CBM 210 Extra"]
[Source "ChessBase"]
[SourceDate "2022.11.30"]
[SourceVersion "1"]
[SourceVersionDate "2022.11.30"]
[SourceQuality "1"]

1. e4 c5 2. Nf3 Nc6 3. d4 cxd4 4. Nxd4 d6 5. c4 Nf6 6. Nc3 e6 7. Be3 Be7 8. Be2 0-0 9. 0-0 a6 10. f3 Bd7 11. Qd2 Rc8 12. Rac1 Nxd4 13. Qxd4 e5 14. Qd2 Re8 15. Rfd1 h6 16. b3 Bc6 17. Nd5 Nxd5 18. cxd5 Bd7 19. Rxc8 Bxc8 20. Rc1 f5 21. Rc2 Bh4 22. Qc1 Bg5 23. Bxg5 hxg5 24. Rc7 g4 25. exf5 gxf3 26. Bxf3 Bxf5 27. Rxb7 e4 28. Be2 Qf6 29. Qf4 Rf8 30. Rb4 Qb2 31. Qe3 Bg4 32. Bf1 Qb1 33. h3 Qxf1+ 34. Kh2 Bf5 35. Rb7 Qa1 36. b4 Qe5+ 37. Kh1 Bg6 38. b5 Rf1+ 0-1

[Event "Novi Sad Serbia op-B"]
[Site "Novi Sad"]
[Date "2022.06.28"]
[Round "1"]
[White "Kostic, Milutin B"]
[Black "Zlatanovic, Marcus"]
[Result "1-0"]
[WhiteElo "2090"]
[BlackElo "1700"]
[PlyCount "59"]
[EventDate "2022.06.28"]
[EventType "swiss"]
[EventRounds "9"]
[EventCountry "SRB"]
[SourceTitle "EXT 2023"]
[Source "ChessBase"]
[SourceDate "2022.10.05"]
[SourceVersion "1"]
[SourceVersionDate "2022.10.05"]
[SourceQuality "1"]

1. d4 Nf6 2. Nf3 g6 3. Bg5 Bg7 4. Nbd2 d5 5. e3 0-0 6. c3 c5 7. Be2 Nc6 8. dxc5 Qc7 9. 0-0 e6 10. Rc1 Nd7 11. Nb3 Re8 12. Qc2 Na5 13. Nxa5 Qxa5 14. b4 Qc7 15. c4 a5 16. a3 axb4 17. axb4 Nf6 18. cxd5 Nxd5 19. Qb3 Bd7 20. Nd4 Ra4 21. c6 Rxb4 22. cxd7 Qxd7 23. Qd3 h6 24. Nc2 Ra4 25. Qb5 Qc6 26. Nd4 Rb4 27. Nxc6 Rxb5 28. Bxb5 hxg5 29. Na7 Nc3 30. Rxc3 1-0

[Event "EU-ch 22nd"]
[Site "Terme Catez"]
[Date "2022.04.02"]
[Round "7"]
[White "Spacapan, Simon"]
[Black "Zlatanovic, Marcus"]
[Result "1-0"]
[WhiteElo "1966"]
[BlackElo "1680"]
[PlyCount "55"]
[EventDate "2022.03.27"]
[EventType "swiss"]
[EventRounds "11"]
[EventCountry "SLO"]
[SourceTitle "CBM 208"]
[Source "ChessBase"]
[SourceDate "2022.06.30"]
[SourceVersion "1"]
[SourceVersionDate "2022.06.30"]
[SourceQuality "1"]

1. e4 c5 2. Nf3 g6 3. d4 cxd4 4. Qxd4 Nf6 5. e5 Nc6 6. Qa4 Nd5 7. Qe4 Ndb4 8. Bb5 d6 9. Qxb4 Bd7 10. Bxc6 Bxc6 11. exd6 exd6 12. Qb3 Bg7 13. 0-0 0-0 14. Bg5 Qa5 15. Nbd2 Rfe8 16. Nc4 Qc7 17. Ncd2 Re2 18. Rfe1 Rae8 19. Be3 Bxf3 20. gxf3 Rxe1+ 21. Rxe1 Qd7 22. Qb4 Be5 23. Nf1 Qf5 24. Kg2 Qxc2 25. Qxb7 Bxb2 26. Bd4 Bxd4 27. Rxe8+ Kg7 28. Ne3 1-0

[Event "EU-ch 22nd"]
[Site "Terme Catez"]
[Date "2022.03.29"]
[Round "3"]
[White "Hryzlova, Sofiia"]
[Black "Zlatanovic, Marcus"]
[Result "1-0"]
[WhiteElo "2097"]
[BlackElo "1680"]
[PlyCount "83"]
[EventDate "2022.03.27"]
[EventType "swiss"]
[EventRounds "11"]
[EventCountry "SLO"]
[SourceTitle "CBM 208"]
[Source "ChessBase"]
[SourceDate "2022.06.30"]
[SourceVersion "1"]
[SourceVersionDate "2022.06.30"]
[SourceQuality "1"]

1. e4 c5 2. Nf3 g6 3. c4 Bg7 4. d4 cxd4 5. Nxd4 Nc6 6. Be3 Nf6 7. Nc3 d6 8. Be2 0-0 9. 0-0 Bd7 10. h3 a5 11. Qc2 Nxd4 12. Bxd4 Bc6 13. Rad1 Nd7 14. Bxg7 Kxg7 15. Bg4 Ne5 16. c5 Nxg4 17. hxg4 Qc8 18. cxd6 Qxg4 19. dxe7 Rfe8 20. Nd5 Bxd5 21. exd5 Rxe7 22. Qc3+ Kg8 23. d6 Rd7 24. Rd5 Qe6 25. Rfd1 Rad8 26. Qc5 h5 27. a3 Qf6 28. Qb6 Kg7 29. R1d4 Qe6 30. Rd2 Qf6 31. Qc5 Kh7 32. R2d4 Kg7 33. Qc3 Kh7 34. Qd3 Kg7 35. Qd2 Kh7 36. a4 Kg7 37. f4 Kf8 38. Qxa5 Rxd6 39. Qb4 Ke7 40. Rxd6 Rxd6 41. Qxb7+ Kf8 42. Qb8+ 1-0

[Event "EU-ch 22nd"]
[Site "Terme Catez"]
[Date "2022.03.27"]
[Round "1"]
[White "Papadiamandis, Elliot"]
[Black "Zlatanovic, Marcus"]
[Result "1-0"]
[WhiteElo "2406"]
[BlackElo "1680"]
[PlyCount "65"]
[EventDate "2022.03.27"]
[EventType "swiss"]
[EventRounds "11"]
[EventCountry "SLO"]
[SourceTitle "CBM 208"]
[Source "ChessBase"]
[SourceDate "2022.06.30"]
[SourceVersion "1"]
[SourceVersionDate "2022.06.30"]
[SourceQuality "1"]

1. e4 c5 2. Nf3 g6 3. c4 Bg7 4. d4 cxd4 5. Nxd4 Nc6 6. Be3 Nf6 7. Nc3 d6 8. Be2 0-0 9. 0-0 Bd7 10. Nc2 a5 11. f3 Nb8 12. Qd2 Na6 13. Rac1 Bc6 14. Rfd1 Nd7 15. b3 Ndc5 16. Rb1 Be5 17. a3 Nc7 18. Nd4 N7e6 19. Ndb5 Bxb5 20. Nxb5 Nc7 21. Nd4 e6 22. b4 axb4 23. axb4 Nd7 24. f4 Bg7 25. Nb3 Nf6 26. Qc2 Qe7 27. e5 dxe5 28. Bc5 Qe8 29. fxe5 Nd7 30. Bxf8 Kxf8 31. Qe4 Bxe5 32. Nc5 Nxc5 33. Qxe5 1-0

[Event "Bassano del Grappa Mix IM 1st"]
[Site "Bassano del Grappa"]
[Date "2021.03.20"]
[Round "7"]
[White "Grimaldi, Angela Flavia"]
[Black "Zlatanovic, Marcus"]
[Result "1-0"]
[WhiteElo "2067"]
[BlackElo "1687"]
[PlyCount "109"]
[EventDate "2021.03.17"]
[EventType "tourn"]
[EventRounds "9"]
[EventCountry "ITA"]
[SourceTitle "CBM 201 Extra"]
[Source "ChessBase"]
[SourceDate "2021.05.31"]
[SourceVersion "1"]
[SourceVersionDate "2021.05.31"]
[SourceQuality "1"]

1. e4 c5 2. Nf3 g6 3. d4 cxd4 4. Nxd4 Bg7 5. c4 Nc6 6. Be3 Nf6 7. Nc3 0-0 8. Be2 d6 9. 0-0 Bd7 10. f3 a5 11. b3 Nxd4 12. Bxd4 Bc6 13. Rc1 Nd7 14. Be3 Nc5 15. Qd2 Qd7 16. Rfd1 Rfd8 17. Qc2 Qc7 18. Rb1 Rdb8 19. Rdc1 Qd7 20. Qd2 Rd8 21. Kh1 Rac8 22. Rc2 Bxc3 23. Qxc3 b6 24. Rd1 Qb7 25. Bh6 f6 26. Be3 Rd7 27. Rcd2 Rcd8 28. Bf2 Kg7 29. Qe3 b5 30. cxb5 Bxb5 31. Bxb5 Qxb5 32. Qc3 Rc7 33. Qd4 Rdc8 34. f4 Ne6 35. Qd5 Qxd5 36. exd5 Nxf4 37. g3 Nh5 38. Bb6 Rc1 39. Bxa5 Rxd1+ 40. Rxd1 Rc2 41. Rd2 Rxd2 42. Bxd2 Kf7 43. a4 Ke8 44. g4 Ng7 45. Bh6 Nh5 46. gxh5 g5 47. Kg2 Kd7 48. Kf3 e6 49. dxe6+ Kxe6 50. a5 Kd5 51. b4 Kc6 52. Ke4 d5+ 53. Kd4 g4 54. Bf4 f5 55. h6 1-0

[Event "Mestre Sheraton op-B 1st"]
[Site "Mestre"]
[Date "2021.02.28"]
[Round "5"]
[White "Greco, Edoardo"]
[Black "Zlatanovic, Marcus"]
[Result "1/2-1/2"]
[WhiteElo "1708"]
[BlackElo "1687"]
[PlyCount "64"]
[EventDate "2021.02.26"]
[EventType "swiss"]
[EventRounds "5"]
[EventCountry "ITA"]
[SourceTitle "EXT 2023"]
[Source "ChessBase"]
[SourceDate "2022.10.05"]
[SourceVersion "1"]
[SourceVersionDate "2022.10.05"]
[SourceQuality "1"]

1. d4 Nf6 2. Nf3 g6 3. c4 Bg7 4. g3 0-0 5. Bg2 c6 6. 0-0 d5 7. b3 Nbd7 8. Bb2 Nb6 9. Qc2 Bf5 10. Qc1 Rc8 11. Nbd2 Ne4 12. e3 Qc7 13. Rd1 Rfd8 14. Nxe4 Bxe4 15. Nd2 Bxg2 16. Kxg2 e5 17. dxe5 Bxe5 18. Bxe5 Qxe5 19. Nf3 Qf6 20. cxd5 Rxd5 21. Rxd5 Nxd5 22. Nd4 Ne7 23. Qc3 Nf5 24. Ne2 Qxc3 25. Nxc3 Rd8 26. Rd1 Rxd1 27. Nxd1 Kg7 28. Kf3 Kf6 29. Nb2 Nd6 30. Nd3 Nb5 31. Nc5 b6 32. Ne4+ Ke7 1/2-1/2

[Event "Nova Gorica op 25th"]
[Site "Nova Gorica"]
[Date "2020.01.25"]
[Round "2"]
[White "Gruden, Martina"]
[Black "Zlatanovic, Marcus"]
[Result "1-0"]
[WhiteElo "1741"]
[BlackElo "1616"]
[PlyCount "77"]
[EventDate "2020.01.24"]
[EventType "swiss"]
[EventRounds "9"]
[EventCountry "SLO"]
[SourceTitle "CBM 194"]
[Source "ChessBase"]
[SourceDate "2020.02.29"]
[SourceVersion "1"]
[SourceVersionDate "2020.02.29"]
[SourceQuality "1"]

1. e4 c5 2. Nc3 Nc6 3. g3 g6 4. Bg2 Bg7 5. d3 e6 6. Be3 Nd4 7. Nge2 Ne7 8. 0-0 0-0 9. Qd2 Re8 10. Nd1 d5 11. f4 dxe4 12. dxe4 Nec6 13. c3 Nxe2+ 14. Qxe2 b6 15. Nf2 Qc7 16. e5 Bb7 17. Ne4 Red8 18. Nd6 Bf8 19. Ne4 Be7 20. Qg4 Nb8 21. Nf6+ Bxf6 22. Bxb7 Qxb7 23. exf6 Qe4 24. Rae1 Nd7 25. Bxc5 Qf5 26. Qxf5 exf5 27. Be7 Re8 28. Rd1 Nc5 29. Bxc5 bxc5 30. Rfe1 Re6 31. Rxe6 fxe6 32. Rd6 Rb8 33. b3 Rb6 34. Rxb6 axb6 35. a4 Kf7 36. b4 cxb4 37. cxb4 Kxf6 38. a5 Ke7 39. a6 1-0

[Event "EU-ch U14"]
[Site "Bratislava"]
[Date "2019.08.09"]
[Round "8"]
[White "Zlatanovic, Marcus"]
[Black "Heldenbergh, Nils"]
[Result "0-1"]
[WhiteElo "1591"]
[BlackElo "1883"]
[PlyCount "54"]
[EventDate "2019.08.02"]
[EventType "swiss"]
[EventRounds "9"]
[EventCountry "SVK"]
[SourceTitle "EXT 2020"]
[Source "ChessBase"]
[SourceDate "2019.10.17"]
[SourceVersion "1"]
[SourceVersionDate "2019.10.17"]
[SourceQuality "1"]

1. e4 e6 2. d4 d5 3. e5 c5 4. Be3 cxd4 5. Bxd4 Nc6 6. Nf3 Nh6 7. Bd3 Nf5 8. Bxf5 exf5 9. 0-0 Be7 10. Nc3 Be6 11. Qe2 0-0 12. Rad1 Re8 13. Be3 a6 14. Qd2 Bb4 15. a3 Ba5 16. b4 Bc7 17. Bf4 Qb8 18. Qe3 Rd8 19. Bg3 b5 20. Rd3 Bb6 21. Qd2 d4 22. Ne2 Bc4 23. Nfxd4 Nxd4 24. Nxd4 Bxd3 25. e6 Qb7 26. e7 Bxf1 27. Qg5 Qxg2# 0-1

[Event "EU-ch U14"]
[Site "Bratislava"]
[Date "2019.08.06"]
[Round "5"]
[White "Ruiz Buendia, Miguel"]
[Black "Zlatanovic, Marcus"]
[Result "1-0"]
[WhiteElo "1848"]
[BlackElo "1591"]
[PlyCount "65"]
[EventDate "2019.08.02"]
[EventType "swiss"]
[EventRounds "9"]
[EventCountry "SVK"]
[SourceTitle "EXT 2020"]
[Source "ChessBase"]
[SourceDate "2019.10.17"]
[SourceVersion "1"]
[SourceVersionDate "2019.10.17"]
[SourceQuality "1"]

1. e4 c5 2. Nf3 g6 3. d4 cxd4 4. Nxd4 Bg7 5. c4 Nc6 6. Be3 Nf6 7. Nc3 0-0 8. Be2 d6 9. 0-0 Bd7 10. h3 a6 11. Qc2 Rc8 12. Rfd1 Nxd4 13. Bxd4 b5 14. cxb5 Bxb5 15. Bxb5 axb5 16. Qb3 Qa5 17. Qxb5 Qxb5 18. Nxb5 Nxe4 19. Re1 Rb8 20. Bxg7 Kxg7 21. a4 Nc5 22. Rxe7 Nxa4 23. Nxd6 Nxb2 24. Raa7 Nd3 25. Rxf7+ Rxf7 26. Rxf7+ Kg8 27. Rf3 Ne5 28. Re3 Rb6 29. Nc8 Rb1+ 30. Kh2 Nc6 31. Re6 Rc1 32. Rxc6 Rxc6 33. Ne7+ 1-0

[Event "EU-ch U14"]
[Site "Bratislava"]
[Date "2019.08.04"]
[Round "3"]
[White "Sulgan, Igor"]
[Black "Zlatanovic, Marcus"]
[Result "1/2-1/2"]
[WhiteElo "1791"]
[BlackElo "1591"]
[PlyCount "74"]
[EventDate "2019.08.02"]
[EventType "swiss"]
[EventRounds "9"]
[EventCountry "SVK"]
[SourceTitle "EXT 2020"]
[Source "ChessBase"]
[SourceDate "2019.10.17"]
[SourceVersion "1"]
[SourceVersionDate "2019.10.17"]
[SourceQuality "1"]

1. d4 Nf6 2. Bg5 Ne4 3. Bh4 g6 4. f3 Nf6 5. e4 d6 6. Bd3 Nc6 7. Ne2 Bg7 8. 0-0 0-0 9. Nd2 e5 10. Nb3 exd4 11. Nbxd4 Nxd4 12. Nxd4 c6 13. c3 Qb6 14. Rb1 d5 15. e5 Nd7 16. Bf2 c5 17. Ne2 Nxe5 18. Ng3 Nxd3 19. Qxd3 Qc6 20. b4 b6 21. bxc5 bxc5 22. Rfe1 Be6 23. Qb5 Qxb5 24. Rxb5 Bxc3 25. Rc1 Bb4 26. Bxc5 Bxc5+ 27. Rcxc5 Rfc8 28. Rxc8+ Rxc8 29. Ra5 Rc1+ 30. Kf2 Rc2+ 31. Kg1 d4 32. Rxa7 d3 33. Ra8+ Kg7 34. Rd8 d2 35. Nf1 Rxa2 36. Rxd2 Rxd2 37. Nxd2 Bd5 1/2-1/2

[Event "Nova Gorica op 24th"]
[Site "Nova Gorica"]
[Date "2019.01.30"]
[Round "8"]
[White "Zlatanovic, Marcus"]
[Black "Borstar, Dusan"]
[Result "0-1"]
[WhiteElo "1576"]
[BlackElo "1762"]
[PlyCount "102"]
[EventDate "2019.01.25"]
[EventType "swiss"]
[EventRounds "9"]
[EventCountry "SLO"]
[SourceTitle "CBM 188 Extra"]
[Source "ChessBase"]
[SourceDate "2019.02.28"]
[SourceVersion "1"]
[SourceVersionDate "2019.02.28"]
[SourceQuality "1"]

1. e4 c5 2. Nf3 d6 3. d4 cxd4 4. Qxd4 e6 5. Nc3 a6 6. Be3 Nc6 7. Qd2 Nf6 8. h3 b5 9. a3 Be7 10. Be2 Bb7 11. 0-0 Qc7 12. b4 Rc8 13. Qd3 Nxb4 14. axb4 Qxc3 15. Rac1 Bxe4 16. Qxc3 Rxc3 17. Bd1 0-0 18. Bd2 Rc7 19. c3 Rfc8 20. Bb3 h6 21. Nd4 e5 22. Ne2 Bd3 23. Rfe1 Ne4 24. Rcd1 Bxe2 25. Rxe2 Nxc3 26. Bxc3 Rxc3 27. Bd5 Ra3 28. f4 Bf6 29. fxe5 Bxe5 30. Rf2 Rc7 31. Kh1 Kf8 32. Rdf1 f6 33. Rb1 a5 34. bxa5 Rxa5 35. Rf3 b4 36. Be4 d5 37. Bg6 Ke7 38. Rd3 Kd6 39. g4 Ra1 40. Rxa1 Bxa1 41. Be4 d4 42. Rb3 Bc3 43. Kg2 Ke5 44. Kf3 Be1 45. Bd3 Rc3 46. Rxc3 dxc3 47. Bc2 Kd4 48. Kf4 Kc4 49. Ke3 b3 50. Bd3+ Kb4 51. Ke2 c2 0-1

[Event "Nova Gorica op 24th"]
[Site "Nova Gorica"]
[Date "2019.01.29"]
[Round "7"]
[White "Papler, Peter"]
[Black "Zlatanovic, Marcus"]
[Result "1/2-1/2"]
[WhiteElo "1707"]
[BlackElo "1576"]
[PlyCount "78"]
[EventDate "2019.01.25"]
[EventType "swiss"]
[EventRounds "9"]
[EventCountry "SLO"]
[SourceTitle "CBM 188 Extra"]
[Source "ChessBase"]
[SourceDate "2019.02.28"]
[SourceVersion "1"]
[SourceVersionDate "2019.02.28"]
[SourceQuality "1"]

1. d4 Nf6 2. Bf4 g6 3. Nc3 Bg7 4. e4 d6 5. Nf3 0-0 6. Qd2 Re8 7. 0-0-0 a6 8. h4 b5 9. Bh6 Bh8 10. Bd3 b4 11. Nd5 Nxd5 12. exd5 a5 13. h5 Ba6 14. hxg6 fxg6 15. Qe3 Qd7 16. Ng5 Bxd3 17. Rxd3 Qf5 18. Ne6 Na6 19. Qg3 Qxd5 20. Qh3 Qf5 21. Qxf5 gxf5 22. Bf4 Bf6 23. d5 Rac8 24. Rdh3 c6 25. dxc6 Rxc6 26. Bg5 Rec8 27. Bxf6 Rxc2+ 28. Kb1 exf6 29. Rf3 Kf7 30. Nd4 Rd2 31. Nb3 Re2 32. Nc1 Rd2 33. Rxf5 Rcc2 34. Rxa5 Rxb2+ 35. Ka1 Nc5 36. Rxh7+ Ke6 37. Rh1 Rxf2 38. g4 b3 39. Re1+ Kf7 1/2-1/2